| 000 | 00391nam a22001457a 4500 | ||
|---|---|---|---|
| 020 | _a81-7754-161-7 | ||
| 041 | _aENG | ||
| 100 | _aK.G Shanmugavelu | ||
| 245 | _aProduction Technology Of Spices And Plantation Crops | ||
| 260 |
_aJodhpur _bAgroblos (India ) _c2018 |
||
| 300 | _a485 | ||
| 650 | _aSoil Scienee | ||
| 700 | _aM.Kumar ,K.V. Peter | ||
| 856 | _uSoil Scienee ( Agricultural ) 11 | ||
| 999 |
_c88 _d88 |
||